| 000 | 00728nam a2200229Ia 4500 | ||
|---|---|---|---|
| 005 | 20241129111219.0 | ||
| 008 | 241129s9999||||xx |||||||||||||| ||und|| | ||
| 020 | _a978-81-8315-375-1 | ||
| 037 | _aREF | ||
| 040 |
_aCRL _beng _cCRL |
||
| 041 |
_asan _2san |
||
| 084 |
_aP15p27136,N19 15R0.9(RR) _qCRL |
||
| 100 |
_aWarkhedi Shriniwas Ed.; Penna Madhusudhan Ed. _9723668 |
||
| 245 | 0 |
_aAll India oriental conference _cWarkhedi Shriniwas Ed.; Penna Madhusudhan Ed. |
|
| 260 |
_aDelhi, India _bNew Bhartiya Book Co. _c2020 |
||
| 300 | _a201p. | ||
| 365 |
_aINR _b380 |
||
| 490 | _vVol. 9 | ||
| 650 |
_aSanskrit Language _91031 |
||
| 942 |
_cREF _hP15p27136,N19 15R0.9(RR) |
||
| 999 |
_c1229414 _d1229414 |
||